Actors / Actresses by their Characters #22 - Statistics

General Stats
  • This quiz has been taken 46 times
  • The average score is 4 of 10
Answer Stats
Hint Answer % Correct
Bella Swan, Snow White, Diana Princess of Wales, Norah Price Kristen Stewart
88%
Mikaela Banes, Jennifer Check, April O'Neil, Sydney Shanowski Megan Fox
64%
The Joker, Michael Morbius, Rayon, Harry Goldfarb Jared Leto
57%
Joy "Ma" Newsome, Kate Gregson, Mason Weaver, Carol Danvers / Captain Marvel Brie Larson
52%
Director Isabel George, Annalise Keating, Amanda Waller, Major Anderson Viola Davis
31%
King Arthur, Jackson 'Jax' Teller, Raymond Smith, Raleigh Becket Charlie Hunnam
24%
Alan Garner, Ethan Tremblay / Ethan Chase, Martin Sylvester "Marty" Huggins, Chip Baskets / Dale Baskets Zach Galifianakis
19%
Max George Black, Darcy Lewis, Norah Silverberg, Caroline Wexler Kat Dennings
17%
Jack McCoy, Sydney Schanberg, J. Robert Oppenheimer, Forrest Bedford Sam Waterston
17%
Vince Larkin, Craig Schwartz, Stafford Weiss, Adam Yates John Cusack
14%
No matching quizzes found
Score Distribution
Percent of People with Each Score
Percentile by Number Answered
Your Score History
You have not taken this quiz